| 000 | 00487nam a2200181Ia 4500 | ||
|---|---|---|---|
| 005 | 20250908114730.0 | ||
| 008 | 231207s9999 xx 000 0 und d | ||
| 020 | _a9690014269 | ||
| 040 | _cPK-LaNCA | ||
| 082 |
_a759.954 _bHAS |
||
| 100 | _aMusarrat Hasan | ||
| 245 | 0 |
_aPainting in the Punjab plains 1849-1949 _cMusarrat Hasan |
|
| 260 |
_bFerozsons _aLahore _c1998 |
||
| 300 |
_a268p _bill |
||
| 546 | _aEnglish | ||
| 650 | _aPainter, Pakistan., Painters, Indian. | ||
| 942 | _cMA-VA | ||
| 999 |
_c11386 _d11386 |
||